| 000 | 00366 a2200157 4500 | ||
|---|---|---|---|
| 003 | Nust | ||
| 005 | 20170207154039.0 | ||
| 020 | _a9789533071367 | ||
| 040 | _cNust | ||
| 100 | _aMohamed, Azah | ||
| 245 |
_aModelling, Simulation and Identification(E-BOOK) _cAzah Mohamed |
||
| 260 |
_aIndia _bSciyo _c2010 |
||
| 300 | _avii,354p | ||
| 650 | _aModelling | ||
| 651 | _aE-BOOK | ||
| 942 |
_2ddc _cBK |
||
| 999 |
_c192511 _d192511 |
||